Night noise restrictions consultation (Record no. 72466)

MARC details
000 -LEADER
fixed length control field 00953cam a2200229 4500
001 - CONTROL NUMBER
control field WB3914-10
008 - FIXED-LENGTH DATA ELEMENTS--GENERAL INFORMATION
fixed length control field 030408n2003 000 0 eng u
035 ## - SYSTEM CONTROL NUMBER
System control number (Sirsi) u121932
245 ## - TITLE STATEMENT
Title Night noise restrictions consultation
260 ## - PUBLICATION, DISTRIBUTION, ETC.
Date of publication, distribution, etc. 2003
490 ## - SERIES STATEMENT
Series statement DfT News Release
Volume/sequential designation (045) 8 April 2003 (3)
520 ## - SUMMARY, ETC.
Summary, etc. Current night noise restrictions at Heathrow, Gatwick and Stansted airports are set to continue until 30 October 2005, as proposed in a consultation paper. The move follows a European Court of Human Rights case and "The future development of air transport in the UK" consultation. Consultation deadline is 11 July. Consultation paper available at www.aviation.dft.gov.uk/consult/nightrestrict/index.htm.
590 ## - LOCAL NOTE (RLIN)
Local note WB
650 ## - SUBJECT ADDED ENTRY--TOPICAL TERM
Topical term or geographic name entry element AIRPORTS
650 ## - SUBJECT ADDED ENTRY--TOPICAL TERM
Topical term or geographic name entry element NOISE
650 ## - SUBJECT ADDED ENTRY--TOPICAL TERM
Topical term or geographic name entry element NIGHT FLIGHTS
650 ## - SUBJECT ADDED ENTRY--TOPICAL TERM
Topical term or geographic name entry element HEATHROW
650 ## - SUBJECT ADDED ENTRY--TOPICAL TERM
Topical term or geographic name entry element GATWICK
650 ## - SUBJECT ADDED ENTRY--TOPICAL TERM
Topical term or geographic name entry element STANSTED
690 ## - LOCAL SUBJECT ADDED ENTRY--TOPICAL TERM (OCLC, RLIN)
Topical term or geographic name as entry element ENVIRONMENTAL AND LAND CONSULTANCY
942 ## - ADDED ENTRY ELEMENTS (KOHA)
Suppress in OPAC 0
Holdings
Withdrawn status Lost status Source of classification or shelving scheme Damaged status Not for loan Home library Current library Shelving location Date acquired Total Checkouts Full call number Barcode Date last seen Copy number Price effective from Koha item type
    Dewey Decimal Classification     London London News article 08/04/2003   WB3914-10 121932-1001 06/08/2019 1 06/08/2019 Journal article